時光當舖 . 思念物的酣歌 . 4

資料類型: Book 圖書   書目號:51731

Leader xxxxxxxxxx
001 __ 102496/4/01
005 __ 20171120175619.932
010 0_ |a9789571062426|b第4冊 : 平裝|d新臺幣220元
042 __ |anbic
100 __ |a20171120d2015    k  y0chiy50      b
101 0_ |achi
102 __ |atw
105 __ |aaf  z   000ay
200 1_ |a時光當舖|h4|i思念物的酣歌|dThe time pawnshop|f千川作|gOoi Choon Liang繪
205 __ |a一版
210 __ |a臺北市|c尖端出版|c家庭傳媒城邦分公司發行|d2015[民104]
215 0_ |a269面|c圖,圖版|d21公分
225 12 |a翼想本
510 1_ |aThe time pawnshop|zeng
517 1_ |a思念物的酣歌|zchi
681 __ |a857.7|b877 v.4
700 _1 |a千川|4702 _1 |aOoi Choon Liang|4801 _0 |atw|bLibDipper|c20171120|gCCR
詳細館藏(共 1 筆)
索 書 號登 錄 號冊次號館別 / 館藏地流通類型狀態加入預約清單電子資源
857.7 / 877 1024964 v.4 圖書館 / 一樓輕小說專區 可外借30天 在館   

| 條列資料




目錄查詢 分類查詢 個人資料 圖書薦購 新書查詢 閉館日 排行榜 更多電子資源 Hami書城 線上資料庫 登出

From : 216.73.217.87

  本日流通累計至 15:20:42 借閱 : 13 次 續借 : 0 次 歸還 : 10 次 預約 : 0 次 電子資源 : 0 次


內湖高中圖書館  PCLIS 版本  26.5.0.12